000 00518nam a2200193Ia 4500
005 20231206091207.0
008 131103s9999 xx 000 0 und d
040 _aLoreto College
041 _aEnglish
082 _a420
_bEMP
100 _aEmpson,William
245 4 _aThe Structure of Complex Words,
_cWilliam Empson
260 _aLondon
_bChatto and Windus
_c1951
300 _a450 p.
504 _aIncludes index and appendices
650 _aCommunicative English - Words
850 _aLCLIB
942 _cBK
999 _c6998
_d57477